• 首页
  • 本馆介绍
  • 公告通知
  • 最新文献
  • 馆藏检索
  • 电子资源
  • 读者导购
  • 参考咨询
  • 我的图书馆
  • 登录
  • 期刊详细显示
  • 现刊情况显示
  • 合订本情况显示
  • 篇目信息显示

期刊信息

  • 表格格式
  • 工作单格式
  • 卡片格式
索取号 
F12/GG
题名 
改革
作者 
改革编辑部
分册号 
分册名 
出版地 
重庆
出版者 
该杂志社
标准刊号 
1003-7543
出版频率 
中图法分类 
F121
主题词 
经济 中国
电子资源 
000 01142nas0 2200349 45
001 1196050180
005 20100602163426.26
011    @a1003-7543@dCNY4.50(1996)
091    @aCN@b51-1031
092    @aCN@b78-82
100    @a19961209a19889999mkey0chiy0120 eb
101 0  @achi@eeng
102    @aCN@b510000
110    @aagaz 0yd0
200 1  @a改革@AGai Ge@dRefom@f改革编辑部@FGai Ge Bian Ji Bu@zeng
207  0 @a1988,no.1(1988,1,10)~=总27~
210    @a重庆@b四川省重庆市江北区桥北村270号(邮码630020)@c该杂志社@d1988~
215    @d26cm
327 0  @a改革时评@a茅于轼评论@a国有企业改革@a农村改革@a实证分析@a以史为鉴@a社会文化法律@a比较与借鉴
430  1 @120010@a体制改革探索
510 1  @aReform@zeng
606 0  @a经济@x中国
610 0  @a改革@a经济@a社会
676    @a330.951@v19
690    @aF121@v3
690    @aF12@v4
701  0 @a蒋一苇@AJiang Yi Wei@4主编
701  0 @a吴敬琏@AWu Jing Lian@4主编
711 02 @a重庆市社会科学研究院@AChong Qing Shi She Hui Ke Xue Yan Jiu Yuan@4主办
711  0 @a改革编辑部@AGai Ge Bian Ji Bu
801  0 @aCN@bPFT@c20100602@gISBD(S)
905    @a1@cQ@dF12@eGG@v总27~@y1988~
    
    改革=Refom/改革编辑部.-1988,no.1(1988,1,10)~=总27~.-重庆(四川省重庆市江北区桥北村270号(邮码630020)):该杂志社,1988~
    26cm
    继承:
    部分内容:改革时评;茅于轼评论;国有企业改革;农村改革;实证分析;以史为鉴;社会文化法律;比较与借鉴
    ISSN 1003-7543:CNY4.50(1996)
    
●
相关链接: 在易读查询期刊 在中国知网中查询期刊 在万方数据查询期刊 在维普查询期刊
唐山师范学院图书馆 欢迎您!
大连网信软件有限公司© 版权所有